|
|
|
|
| LEADER |
01732cmm a2200409 a 4500 |
| 001 |
000043473 |
| 003 |
1441 |
| 005 |
20060120170134.0 |
| 008 |
010217b2005 vm 000 eng |
| 020 |
|
|
|a 0534621341
|
| 040 |
|
|
|a LRC
|c LRC
|d LRC
|
| 041 |
0 |
|
|a eng
|
| 082 |
0 |
|
|a 901.905
|b HA-S
|
| 100 |
1 |
|
|a Hause, Steven C.
|
| 245 |
1 |
0 |
|a History interactive
|h [Computer file - Đĩa máy tính] :
|b a study tool, version 1.0, for Western civilization : a history of European society /
|c Steven C Hause, William Maltby.
|
| 246 |
3 |
3 |
|a Western civilization :
|b a history of European society.
|
| 250 |
|
|
|a 2nd ed.
|
| 260 |
|
|
|a Belmont, C.A. :
|b Wadsworth,
|c 2005.
|
| 300 |
|
|
|a 1 CD-ROM ;
|c 4 3/4 in. +
|e 1 book (xxix, 861 p., C-5, I-29 :
|b ill., col., maps ;
|c 28 cm.).
|
| 500 |
|
|
|a Title from container.
|
| 500 |
|
|
|a System requirements: PC: Windows 98, ME, 2000, XP (not NT); Pentium II 233 MHz, 32 MB RAM (64 MB recommended); Mac: OS 8.6 or later; PowerPC processor or later; 64 MB RAM; 16-bit sound card; 800 x 600, 16-bit high color display; Speakers or headphones; 4x CD-ROM; Internet connection.
|
| 630 |
0 |
4 |
|a Civilization.
|
| 650 |
0 |
4 |
|a Civilization.
|
| 651 |
|
4 |
|a Europe
|x Civilization.
|
| 700 |
1 |
|
|a Maltby, William.
|
| OWN |
|
|
|a DUT
|
| AVA |
|
|
|a UDN50
|b DUT
|c Visual
|d 901.905 HA-S
|e available
|t Error 5001 Not defined in file expand_doc_bib_avail.
|f 2
|g 0
|h N
|i 0
|j AV
|k 1
|
| 999 |
|
|
|a From the UDN01
|
| AVA |
|
|
|a UDN50
|b DUT
|c Visual
|d 901.905 HA-S
|e available
|t Error 5001 Not defined in file expand_doc_bib_avail.
|f 2
|g 0
|h N
|i 0
|j AV
|k 1
|
| TYP |
|
|
|a Computer file
|
| TYP |
|
|
|a Monograph
|
| 980 |
|
|
|a Mạng thư viện Đại học Đà Nẵng
|